Pandemic Cities - Statistics

General Stats
  • This quiz has been taken 1,001 times
  • The average score is 41 of 48
Answer Stats
Location City % Correct
Egypt Cairo
97%
Russia Moscow
96%
USA New York
96%
India Delhi
94%
UK London
94%
USA Los Angeles
94%
India Mumbai
94%
Iraq Baghdad
92%
China Beijing
92%
Turkey Istanbul
92%
Spain Madrid
92%
France Paris
92%
Japan Tokyo
92%
Algeria Algiers
91%
Australia Sydney
90%
Iran Tehran
90%
Thailand Bangkok
89%
South Korea Seoul
89%
Argentina Buenos Aires
88%
USA Chicago
88%
Indonesia Jakarta
88%
Philippines Manila
88%
China Shanghai
88%
Russia St Petersburg
88%
Italy Milan
87%
Saudi Arabia Riyadh
87%
Vietnam Ho Chi Minh City
86%
Mexico Mexico City
86%
Taiwan Taipei
86%
Colombia Bogotá
85%
South Africa Johannesburg
85%
Peru Lima
85%
Canada Montréal
83%
Japan Osaka
83%
USA Miami
82%
Chile Santiago
82%
India Kolkata
81%
Nigeria Lagos
81%
USA Washington
80%
Brazil Sao Paulo
79%
Pakistan Karachi
78%
DRC Kinshasa
75%
China Hong Kong
74%
USA San Francisco
73%
Sudan Khartoum
71%
USA Atlanta
64%
India Chennai
63%
Germany Essen
30%
No matching quizzes found
Score Distribution
Percent of People with Each Score
Percentile by Number Answered
Your Score History
You have not taken this quiz